| 000 | 01024nam a2200289 i 4500 | ||
|---|---|---|---|
| 001 | bg | ||
| 100 | 1 | _aFenstermacher, Gary D. | |
| 245 | 1 | 0 |
_aStyle nauczania / _cGary D. Fenstermacher, Jonas F. Soltis ; tł. Krzysztof Kruszewski. |
| 246 |
_iTyt. oryg.: _aApproaches to teaching |
||
| 260 |
_aWarszawa : _bWydawnictwa Szkolne i Pedagogiczne, _ccop. 2000. |
||
| 300 |
_a102, [2] s. ; _c24 cm. |
||
| 490 | 1 | _aLiteratura Pedagogiczna | |
| 500 | _aTyt. oryg.: "Approaches to teaching" 1998. | ||
| 650 | 9 |
_aNauczanie _xteoria |
|
| 700 | 1 | _aSoltis, Jonas F. | |
| 700 | 1 |
_aKruszewski, Krzysztof _d(1939- ). _eTł. |
|
| 830 | _aLiteratura Pedagogiczna | ||
| 020 | _a8302076856 | ||
| 040 | _cBPK | ||
| 041 | 1 |
_apol _heng |
|
| 080 | _a37.013 | ||
| 920 | _a83-02-07685-6 | ||
| 942 | _cKS | ||
| 008 | s pl f |000 0 pol | ||
| 999 |
_c43621 _d43621 |
||
| 856 |
_uhttp://koha.tu.koszalin.pl/cgi-bin/koha/opac-detail.pl?biblionumber=43621 _yKatalog online BPK |
||